000 00519nam a2200181Ia 4500
008 151202s9999||||xx |||||||||||||| ||und||
082 _bPNVM-28253
100 _aटिळक ज. श्री.
245 _aअशी ही दिल्ली.
260 _b---
260 _c0
300 _a0
600 _aटिळक ज. श्री.
630 _aअशी ही दिल्ली.
700 _aटिळक ज. श्री.
730 _aअशी ही दिल्ली.
942 _cBOOK
999 _c1294221
_d1294218